Normal view
MARC view
- Sathikumar, R .
Entry Personal Name
001 - CONTROL NUMBER
- control field: 755
003 - CONTROL NUMBER IDENTIFIER
- control field: OSt
005 - DATE AND TIME OF LATEST TRANSACTION
- control field: 20160704105009.0
008 - FIXED-LENGTH DATA ELEMENTS
- fixed length control field: 160704|| aca||aabn | a|a d
040 ## - CATALOGING SOURCE
- Original cataloging agency: OSt
- Transcribing agency: OSt
100 ## - HEADING--PERSONAL NAME
- Personal name: Sathikumar, R .
670 ## - SOURCE DATA FOUND
- Source citation: Work cat.: (OSt)13241: Gopi, Satheesh . 753, Advanced Surveying: Total Station, GIS and Remote Sensing / , 2015
